00621nam a2200157 a 450000100100000000500170001000800410002704000250006810000290009324500890012226000730021130000200028449000170030450001250032183000170044600002796620200930031235.0110406s1997 dr 000 0 spa d aDO-SdBNPbspacBNPHU1 aSalazar, Héctor Miguel10aEstrategias para su agenda de modernización educativa. /cHéctor Miguel Salazar. aSanto Domingo, :bUnión de profesionales dominicanos (UPD),c1997. a32 p. ;c14 cm.1 aEducativav2 aSeminario: estrategías de integración de los colegios privados a la modernización del sistema educativo dominicano 0aEducativav2